Giáo trình điện tử số /

Đã lưu trong:
Chi tiết về thư mục
Tác giả chính: Trần, Thị Thúy H
Định dạng: Sách
Ngôn ngữ:Vietnamese
Được phát hành: Khoa học và kỹ thuật 2009
Các nhãn: Thêm thẻ
Không có thẻ, Là người đầu tiên thẻ bản ghi này!
Thư viện lưu trữ: Mạng thư viện Đại học Đà Nẵng
LEADER 00664nam a2200265 4500
001 000028348
003 TR-HH
005 20150403120000.0
008 150403s vm 000 vie
020 |c 0,0000 
040 |a notts 
100 |a Trần, Thị Thúy Hà 
245 |a Giáo trình điện tử số /  |c Trần Thị Thúy Hà, Đỗ Mạnh Hà. 
260 |b Khoa học và kỹ thuật  |c 2009 
OWN |a LTT 
999 |a From the UDN01 
TYP |a Monograph 
TYP |a Printed language 
980 |a Mạng thư viện Đại học Đà Nẵng